Statystyki dla Czy odgadniesz te 50 losowych państw?

Kliknij tutaj aby rozwiązać quiz!

Ogólne statystyki

  • Ten quiz został rozwiązany 33 911 razy
  • Średni wynik to 34 z 50

Odpowiedzi na mapie

Odpowiedzi skodowane kolorowo w zielono-czerwonej skali na mapie do tego quizu, zgodnie z poniższymi procentami.
 

Statystyki odpowiedzi

Kraj% Poprawnych
Rosja
98%
Stany Zjednoczone
98%
Kanada
97%
Polska
97%
Brazylia
95%
Chiny
94%
Dania
94%
Francja
94%
Meksyk
94%
Norwegia
94%
Włochy
94%
Hiszpania
93%
Niemcy
93%
Szwecja
93%
Wielka Brytania
93%
Chile
92%
Ukraina
92%
Argentyna
91%
Australia
91%
Finlandia
91%
Islandia
91%
Białoruś
90%
Indie
90%
Litwa
90%
Czechy
88%
Egipt
88%
Irlandia
88%
Japonia
88%
Łotwa
88%
Mongolia
88%
Portugalia
88%
Turcja
88%
Estonia
87%
Holandia
86%
Austria
85%
Belgia
85%
Kazachstan
85%
Rumunia
85%
Słowacja
85%
Szwajcaria
85%
Chorwacja
84%
Grecja
84%
Indonezja
83%
Republika Południowej Afryki
83%
Węgry
83%
Arabia Saudyjska
82%
Madagaskar
82%
Maroko
81%
Iran
80%
Peru
80%
Algieria
79%
Kuba
79%
Mołdawia
79%
Urugwaj
78%
Kolumbia
77%
Nowa Zelandia
77%
Serbia
77%
Wenezuela
77%
Albania
76%
Bośnia i Hercegowina
76%
Bułgaria
76%
Słowenia
76%
Boliwia
75%
Irak
74%
Korea Północna
74%
Libia
74%
Filipiny
73%
Korea Południowa
73%
Paragwaj
73%
Tajlandia
73%
Wietnam
73%
Kosowo
72%
Macedonia Północna
71%
Pakistan
71%
Papua-Nowa Gwinea
71%
Tunezja
71%
Czarnogóra
70%
Demokratyczna Republika Konga
70%
Sudan
70%
Niger
69%
Somalia
69%
Gruzja
68%
Nepal
68%
Oman
68%
Panama
68%
Sri Lanka
68%
Ekwador
67%
Cypr
66%
Czad
66%
Etiopia
66%
Laos
65%
Tajwan
65%
Afganistan
64%
Gujana
64%
Uzbekistan
64%
Dominikana
63%
Izrael
63%
Mali
63%
Nigeria
63%
Syria
63%
Jemen
62%
Malezja
61%
Mjanma
61%
Armenia
59%
Azerbejdżan
59%
Kambodża
59%
Surinam
59%
Zjednoczone Emiraty Arabskie
59%
Bangladesz
58%
Kirgistan
58%
Lesotho
58%
Turkmenistan
58%
Haiti
57%
Angola
56%
Katar
56%
Kenia
56%
Tadżykistan
56%
Bahamy
55%
Jordania
55%
Senegal
55%
Bhutan
54%
Honduras
54%
Kongo
54%
Kuwejt
54%
Liban
54%
Mauretania
54%
Mozambik
54%
Kostaryka
53%
Erytrea
52%
Gwatemala
52%
Jamajka
52%
Namibia
52%
Nikaragua
52%
Tanzania
52%
Zambia
51%
Sudan Południowy
50%
Zimbabwe
49%
Belize
48%
Wybrzeże Kości Słoniowej
48%
Eswatini
47%
Ghana
47%
Salwador
47%
Botswana
46%
Kamerun
46%
Republika Środkowoafrykańska
46%
Togo
46%
Gwinea
45%
Republika Zielonego Przylądka
45%
Uganda
44%
Malawi
43%
Benin
42%
Gabon
42%
Liberia
42%
Mikronezja
42%
Dżibuti
41%
Gwinea Równikowa
41%
Rwanda
41%
Timor Wschodni
41%
Burkina Faso
40%
Gambia
39%
Kiribati
39%
Komory
38%
Seszele
38%
Sierra Leone
38%
Fidżi
37%
Burundi
36%
Gwinea Bissau
36%
Mauritius
36%
Wyspy Salomona
36%
Palau
33%
Trynidad i Tobago
33%
Vanuatu
32%
Wyspy Marshalla
32%

Rozkład punktacji

Percentyl według liczby udzielonych odpowiedzi

Procent ludzi z każdym wynikiem

Twoja historia wyników

Nie rozwiązałeś tego quizu